Score 0/22 Timer 02:00
0 Plays Today
Clue 4-Letter Word % Correct
Travel by shipSAIL
92.3%
Send via the postal systemMAIL
92.2%
A building with a bunch of storesMALL
91%
1.609 kilometersMILE
90.3%
The day of the year specified by numbersDATE
89.2%
The title given to a woman at the rank of a knightDAME
89.1%
Machinery for grinding grain into flourMILL
89%
A hinged barrier used to provide entrance to a placeGATE
85.8%
A rounded vault forming the roof of a buildingDOME
84.2%
A strong windGALE
83.4%
Facts and statistics collected for referenceDATA
83.2%
Clue 4-Letter Word % Correct
First name of comedian CookDANE
80.6%
A long, thin mark oftentimes made by a pencil or penLINE
78.4%
Narrow road in a rural areaLANE
75.8%
Similar to, or in the same manner ofLIKE
72.3%
↪Brody's best friend in [Rung 1][Rung 22]↩↪MIKE↩
69.5%
↪Brody and Jessica's daughter in [Rung 1][Rung 22]↩↪DANA↩
68.4%
Bold, impudent behaviorGALL
57.1%
↪Showtime TV show: ____[Rung 22]↩↪HOME↩
50.8%
↪Carrie's mentor in [Rung 1][Rung 22]↩↪SAUL↩
42.7%
Region Asterix and Obelix are from in the comic 'Asterix'GAUL
41.1%
↪Showtime TV show: [Rung 1]____↪LAND↩
34.5%

Today's Daily Dose

Missing Word
I Hardly Know Her!

Word Ladder
Sentence Ending

Quick Pick
Female Firsts

Get the Picture
Triathlon Sports

Remove Ads.
Support Sporcle.
Get the best of Sporcle when you Go Orange. This ad-free experience offers more features, more stats, and more fun while also helping to support Sporcle. Thank you for becoming a member.

You're not logged in!

Compare scores with friends on all Sporcle quizzes.
OR
Log In

Show Comments

Extras

Top Quizzes Today


Score Distribution

Your Account Isn't Verified!

In order to create a playlist on Sporcle, you need to verify the email address you used during registration. Go to your Sporcle Settings to finish the process.

Report this User

Report this user for behavior that violates our Community Guidelines.

Details: